| 000 | 00829nam a2200253 a 4500 | ||
|---|---|---|---|
| 001 | 1073 | ||
| 003 | BR-CuiBMT | ||
| 005 | 20231206210541.0 | ||
| 008 | 230810s2009 spb 001 0 por d | ||
| 020 | _a9788575001974 | ||
| 040 |
_aBR-CuiBMT _cBR-CuiBMT |
||
| 080 |
_22007 _a351.712.2.02 |
||
| 090 |
_a351.712.2.02 _bJ96p _c5. ed. |
||
| 100 | 1 |
_aJusten Filho, Marçal, _d1955- |
|
| 245 | 1 | 0 |
_aPregão : _b(comentários à legislação do pregão comum e eletrônico) / _cMarçal Justen Filho. |
| 250 | _a5. ed., rev. e atual. | ||
| 260 |
_aSão Paulo : _bDialética, _c2009. |
||
| 300 |
_a430 p. ; _c21 cm |
||
| 504 | _aInclui bibliografia e índice. | ||
| 650 |
_aPregão eletrônico _vLegislação _zBrasil |
||
| 650 |
_aPregão presencial _zBrasil |
||
| 650 |
_aLicitação pública _vLegislação _zBrasil |
||
| 942 |
_2udc _cLV |
||
| 999 |
_c1073 _d1073 |
||